[Event "26th Bunratty Masters 2019"]
[Site "Bunratty"]
[Date "2019.02.24"]
[Round "5.5"]
[White "Wells, Peter K"]
[Black "Fitzsimons, David"]
[Result "1/2-1/2"]
[WhiteElo "2415"]
[BlackElo "2301"]
[Annotator "TA"]
[PlyCount "79"]
[EventDate "2019.02.22"]
[EventType "swiss"]
[EventCountry "IRL"]
[SourceTitle "playchess.com"]
[Source "ChessBase"]
[SourceQuality "1"]

{[%evp 10,79,19,-11,74,63,86,86,118,118,124,113,191,182,193,186,191,170,419,419,413,410,401,388,612,596,598,601,625,433,413,314,320,306,305,291,328,321,273,239,223,225,331,215,371,361,362,275,271,263,250,241,307,293,325,325,431,423,420,412,416,421,379,387,460,411,537,0,424,0,354,0]} 1. d4 Nf6 2. c4 e6 3. Nf3 d5 4. g3 dxc4 5. Bg2 Bb4+ 6. Nbd2 {[%cal Bb1d2,Bd2c4,Bc4d6][%mdl 32]} Nbd7 {E04: Open Catalan: 5 Nf3} (6... b5 $11) (6... b5 7. O-O a5 8. a4 c6 9. b3 cxb3 10. Nxb3 bxa4 11. Rxa4 Ba6 12. Bd2 Bb5 13. Ra1 Nbd7 14. Bxb4 axb4 15. Qd2 O-O 16. Rxa8 Qxa8 17. Ra1 Qb8 18. Ne1 Qb6 {½-½ (18) Ipatov,A (2649)-Bruzon Batista,L (2664) Burlingame 2018}) 7. a3 $16 Ba5 $146 ({Predecessor:} 7... Bxd2+ 8. Nxd2 Nb6 9. Nxc4 O-O 10. Ne5 Nfd7 11. Nxd7 Qxd7 12. O-O Rd8 13. Bf4 Nd5 {1-0 (44) Likavsky,T (2486)-Kastelic,M (2286) Skopje 2012}) 8. O-O c3 {White is better.} 9. Nc4 cxb2 10. Bxb2 c6 (10... Bb6 $16) 11. Nd6+ $18 Ke7 12. Ne5 Nxe5 13. dxe5 Nd7 $2 (13... Ne8 14. Nc4 Qxd1 15. Rfxd1 (15. Raxd1 Bb6 $16) 15... Bb6) 14. Qd4 Kf8 15. Rfd1 Bb6 16. Qd3 Nc5 (16... g6 $142 17. Nxc8 {[%mdl 64] Discovered Attack} Rxc8 18. Qxd7 Qxd7 19. Rxd7 Rb8) 17. Qf3 {[%csl Gd6][%cal Rf3f7] [#]} Qe7 18. a4 Na6 19. Ne4 Ba5 20. Rab1 Bb4 21. Qd3 g6 22. Qf3 Bd7 23. Bc1 h6 24. Nf6 Be8 25. h4 Kg7 (25... Rd8 $142 26. Rxd8 Qxd8) 26. Qf4 $40 {[%mdl 128] Black is in trouble.} Rd8 $2 (26... Bc5 {was necessary.} 27. Ne4 b6) 27. Rxd8 Qxd8 28. Nxe8+ Qxe8 29. Rxb4 Nxb4 30. Qxb4 Qd7 {[#] ...Qd1+ is the strong threat.} 31. Be3 b6 32. Qf4 c5 33. Qf6+ Kg8 34. Be4 h5 35. Bxg6 fxg6 36. Qxg6+ Qg7 37. Qe8+ Qf8 38. Qg6+ Qg7 39. Qe8+ Qf8 40. Qg6+ $2 {Accuracy: White = 72%, Black = 37%.} (40. Qxe6+ $18 Qf7 41. Qc6) 1/2-1/2

[Event "26th Bunratty Masters 2019"]
[Site "Bunratty"]
[Date "2019.02.24"]
[Round "5.6"]
[White "Howell, David W L"]
[Black "Li, Henry"]
[Result "1-0"]
[WhiteElo "2689"]
[BlackElo "2287"]
[Annotator "TA"]
[PlyCount "71"]
[EventDate "2019.02.22"]
[EventType "swiss"]
[EventCountry "IRL"]
[SourceTitle "playchess.com"]
[Source "ChessBase"]
[SourceQuality "1"]

{[%evp 9,71,17,20,26,48,33,52,77,69,63,86,79,77,75,98,106,119,109,159,128,144,129,189,180,187,196,175,185,185,169,185,158,155,163,145,155,251,174,197,212,214,212,203,199,194,197,199,183,310,293,359,359,347,351,373,375,1337,1336,1228,1305,1266,1263,1156,1122]} 1. e3 Nf6 2. Nf3 g6 3. b3 {[%cal Bb2b3,Bb3b4][%mdl 32]} Bg7 4. Bb2 O-O 5. d4 c5 6. dxc5 {A48: 1 d4 Nf6 2 Nf3 g6: Torre, London and Colle Systems} Qa5+ 7. c3 Nc6 (7... Qxc5 8. Ba3 Qb6 9. Bxe7 Re8 10. Bxf6 Bxf6 11. Be2 Nc6 12. O-O a5 13. Nd4 d5 {1-0 (38) Nakamura,H (2769)-Mamedyarov,S (2808) Leuven 2018}) 8. b4 {White is slightly better.} Qc7 9. Be2 $146 ({Predecessor:} 9. Na3 a5 10. Nb5 Qd8 11. a3 b6 12. cxb6 Qxb6 13. Qb3 d5 {½-½ (35) Kovari,E (2354)-Povchanic,D (2320) Slovakia 2002}) 9... Rd8 10. O-O d6 11. cxd6 Rxd6 12. Qb3 Be6 13. c4 h6 14. Na3 {Black must now prevent Nb5.} a6 15. Bc3 b5 (15... Qc8 $16 {might work better.} 16. Qb2 Rd7) 16. Qb2 $18 bxc4 17. Nxc4 Rdd8 18. Rac1 Qb7 19. Nd4 Bxc4 20. Bxc4 Ne5 {[#]} 21. Be2 $1 Ne4 22. Qa3 Rdb8 (22... Nxc3 $16 23. Rxc3 Rab8) 23. Be1 e6 24. f4 Nd7 25. Nc6 {Bf3 is the strong threat.} Re8 26. Bf3 f5 27. Bxe4 fxe4 28. Bc3 e5 (28... Rac8 $142) 29. Qb3+ Kh8 30. Nxe5 Nxe5 31. Bxe5 {[#] aiming for Rc7.} ({Don't take} 31. fxe5 Qd7) 31... Bxe5 32. fxe5 Qe7 $2 (32... Rac8 33. Rxc8 Qxc8) 33. Rf7 {White is clearly winning.} Qxe5 34. Rcc7 {[%csl Gc7][%cal Rf7h7]} Re6 35. Rc5 Qa1+ 36. Rf1 {Accuracy: White = 92%, Black = 38%.} 1-0

[Event "26th Bunratty Masters 2019"]
[Site "Bunratty"]
[Date "2019.02.24"]
[Round "6.1"]
[White "Hunt, Adam C"]
[Black "McShane, Luke J"]
[Result "1/2-1/2"]
[WhiteElo "2397"]
[BlackElo "2663"]
[Annotator "TA"]
[PlyCount "140"]
[EventDate "2019.02.22"]
[EventType "swiss"]
[EventCountry "IRL"]
[SourceTitle "playchess.com"]
[Source "ChessBase"]
[SourceQuality "1"]

{[%evp 11,140,0,14,0,0,2,15,14,9,4,6,-8,0,-4,0,0,0,0,0,-4,0,-6,-2,-3,-5,-6,4,-12,0,0,17,20,23,13,27,25,34,20,56,23,60,64,63,55,45,35,83,0,17,-7,0,0,0,0,58,45,42,29,138,140,131,139,139,130,129,104,127,117,114,109,135,59,46,0,24,6,54,22,25,-158,-148,-126,-127,-209,-192,-245,-205,-217,-174,-148,-39,-45,-36,-14,0,0,0,0,0,0,0,0,0,0,0,0,0,0,0,0,0,0,0,0,0,0,0,0,0,0,0,0,0,0,0,0,0,0,0,0,0]} 1. e4 e5 2. Nf3 Nc6 3. Bb5 Nf6 4. d3 Bc5 5. O-O Nd4 6. Nxd4 Bxd4 7. Nd2 {C65: Ruy Lopez: Berlin Defence (3...Nf6), unusual lines and 4 0-0 Bc5} (7. c3 Bb6 8. Ba4 O-O 9. Bg5 h6 10. Bh4 d6 11. Nd2 g5 12. Bg3 Bg4 13. Qe1 Nh5 14. Bd1 Bxd1 15. Qxd1 Nxg3 16. hxg3 {½-½ (47) Caruana,F (2828)-Robson,R (2667) chess.com INT 2019}) 7... c6 8. Ba4 d6 9. c3 Bb6 10. Nc4 Bc7 {[#] White must now prevent ...b5.} 11. Ne3 Be6 $146 ({Predecessor:} 11... O-O 12. Qf3 g6 13. Bb3 Kg7 14. h3 Qe7 {½-½ (117) Fedorchuk,S (2648)-Leko,P (2691) Riadh 2017}) 12. Bb3 O-O 13. Bxe6 fxe6 14. Ng4 Nd7 15. Bd2 d5 16. Qe2 Qe8 17. f3 Qg6 18. Kh1 a5 19. Rad1 a4 20. Be1 Rae8 21. Bg3 h5 22. Nf2 Bd8 {Hoping for ...h4.} 23. Nh3 b5 24. b3 a3 25. b4 Bb6 26. Qc2 Qh6 27. c4 bxc4 28. dxc4 {[%cal Re4d5]} Bd4 29. c5 (29. Bf2 $16) 29... Nf6 30. Bh4 Qg6 31. Nf4 exf4 32. Rxd4 Rb8 ({Black should try} 32... e5 $11 33. Rdd1 dxe4) 33. Qb3 $14 Kh7 34. e5 Nd7 {[#]} (34... Ng8 $1 $11 {remains equal.}) 35. Be7 $1 $36 {[%mdl 2048] White is really pushing.} Nxe5 {next ...Rf5 is good for Black.} 36. Bxf8 ({Stronger than} 36. Qxa3 Ra8 $17) 36... Rxf8 37. Qxa3 Nc4 38. Qd3 e5 39. Qxg6+ Kxg6 {[%mdl 4096] Endgame KRR-KRN} 40. Rd3 Ra8 41. Ra1 (41. b5 $1 $16) 41... Na3 $1 $14 42. Rc1 Nb5 43. a3 Kf5 44. Kg1 g5 45. Kf2 $2 (45. Ra1 $11) 45... e4 $17 46. fxe4+ dxe4 47. Rb3 (47. Rd7 $17 Rxa3 48. Kf1) 47... e3+ $19 {[%mdl 1024] Black has strong compensation.} 48. Ke1 (48. Kf1 {is a better defense.}) 48... Ke4 49. Rc4+ Kd5 50. Rc1 g4 (50... Nxa3 $17 51. Rd3+ Ke5) 51. g3 $1 $15 Nd4 (51... h4 $5 52. gxf4 Ke4 $11) 52. Rd1 Kc4 {The position is equal.} 53. Rxd4+ $1 Kxd4 54. gxf4 $11 {KR-KR} Ke4 {Strongly threatening ...Kf3.} 55. Ke2 Kxf4 56. Rxe3 h4 57. Kf2 Rd8 58. a4 Rd2+ 59. Re2 g3+ 60. hxg3+ hxg3+ 61. Kf1 Rd3 62. Kg2 {Ra2 is the strong threat.} Rb3 63. b5 cxb5 64. axb5 Rxb5 65. Rc2 Rb7 66. c6 (66. Ra2 {seems wilder.} Rb8 67. Ra4+ Ke5 68. Rg4 Kd5 69. Rg5+) 66... Rc7 67. Rc4+ Ke5 68. Kxg3 Kd5 69. Rc1 Rxc6 70. Rxc6 Kxc6 {Accuracy: White = 59%, Black = 54%.} 1/2-1/2

[Event "26th Bunratty Masters 2019"]
[Site "Bunratty"]
[Date "2019.02.24"]
[Round "6.2"]
[White "Turner, Matthew J"]
[Black "Short, Nigel D"]
[Result "1/2-1/2"]
[WhiteElo "2519"]
[BlackElo "2648"]
[Annotator "TA"]
[PlyCount "40"]
[EventDate "2019.02.22"]
[EventType "swiss"]
[EventCountry "IRL"]
[SourceTitle "playchess.com"]
[Source "ChessBase"]
[SourceQuality "1"]

{[%evp 20,40,29,31,24,20,35,29,45,0,0,0,30,21,37,18,21,22,19,30,30,21,20]} 1. Nf3 d5 2. d4 Nc6 3. c4 Bg4 4. cxd5 Bxf3 5. gxf3 Qxd5 6. e3 e6 7. Nc3 Qh5 8. f4 Qxd1+ 9. Kxd1 O-O-O 10. Bg2 Nf6 11. Bd2 Ne7 {D07: Queen's Gambit: Chigorin Defence} 12. Rc1 (12. Ke2 Kb8 13. Na4 Nf5 14. Rhd1 Nd5 15. b4 h6 16. Nc5 g5 17. fxg5 hxg5 18. h3 Be7 19. a4 {1-0 (49) Ding,L (2772)-Stevic,H (2616) Antalya 2017}) 12... Kb8 13. Ke2 Nf5 {White has an edge.} 14. Rhd1 h6 15. Ne4 Nxe4 16. Bxe4 c6 17. d5 $146 ({Predecessor:} 17. Bc3 Nd6 18. Bf3 Be7 19. Rg1 {½-½ (19) Campbell,S (1975)-Hebels,A (1926) IECG email 1999}) 17... cxd5 18. Bxf5 exf5 19. Bc3 {And now Be5+ would win.} f6 20. Rd3 Be7 1/2-1/2

[Event "26th Bunratty Masters 2019"]
[Site "Bunratty"]
[Date "2019.02.24"]
[Round "6.3"]
[White "Hebden, Mark L"]
[Black "Williams, Simon K"]
[Result "1-0"]
[WhiteElo "2417"]
[BlackElo "2471"]
[Annotator "TA"]
[PlyCount "77"]
[EventDate "2019.02.22"]
[EventType "swiss"]
[EventCountry "IRL"]
[SourceTitle "playchess.com"]
[Source "ChessBase"]
[SourceQuality "1"]

{[%evp 13,44,52,47,50,54,46,57,41,34,33,71,39,29,31,31,6,27,12,22,0,3,0,14,6,50,39,93,87,110,47,73,104,200]} 1. d4 e6 2. Nf3 f5 3. g3 Nf6 4. Bg2 Be7 5. O-O O-O 6. c4 d6 7. Nc3 Ne4 8. Nxe4 {A96: Classical Dutch: Fluid Systems: Early deviations} (8. Qc2 Nxc3 9. bxc3 Nc6 10. d5 Na5 11. dxe6 Bxe6 12. Nd4 Bxc4 13. Nxf5 Bf6 14. Ne3 Bf7 15. Be4 h6 16. Rb1 Kh8 17. c4 {½-½ (25) Ding,L (2777)-Kravtsiv,M (2665) Tbilisi 2017}) 8... fxe4 9. Nd2 d5 10. f3 {White is slightly better.} Nc6 11. fxe4 {Strongly threatening Rxf8+.} Rxf1+ 12. Nxf1 {[%cal Re4d5]} (12. Kxf1 {is more complex.} dxc4 13. Nf3 a5 14. a4 g5 15. Be3) 12... dxc4 13. Be3 Bd7 14. Bf2 b5 15. e5 Rb8 {[#]} 16. Nd2 $146 Be8 17. Ne4 Nb4 18. b3 Nd5 19. Qc2 cxb3 (19... Nb6 $14) 20. axb3 $16 a5 21. Nc5 (21. Bh3 $16) 21... Bxc5 22. Qxc5 a4 {Accuracy: White = 41%, Black = 35%.} (22... Rb6 $16) 23. e4 Nb6 24. bxa4 Nxa4 25. Qb4 Nb6 26. d5 Nc4 27. Bd4 c6 28. Qc5 cxd5 29. exd5 Rc8 30. Qa7 Rc7 31. Qa8 Rc8 32. Qa7 b4 33. dxe6 Rc7 34. e7 Qd7 35. e6 Qxe7 36. Qb8 Na3 37. Rf1 Nb5 38. Bd5 Nxd4 39. Qxe8+ 1-0

[Event "26th Bunratty Masters 2019"]
[Site "Bunratty"]
[Date "2019.02.24"]
[Round "6.4"]
[White "Collins, Sam E."]
[Black "Howell, David W L"]
[Result "0-1"]
[WhiteElo "2429"]
[BlackElo "2689"]
[Annotator "TA"]
[PlyCount "106"]
[EventDate "2019.02.22"]
[EventType "swiss"]
[EventCountry "IRL"]
[SourceTitle "playchess.com"]
[Source "ChessBase"]
[SourceQuality "1"]

{[%evp 27,106,20,21,19,36,25,23,16,11,16,25,35,34,6,17,12,33,6,11,0,0,-1,0,-98,-97,-156,-8,-38,0,0,0,0,0,0,0,0,0,0,0,0,0,0,0,0,0,0,0,-18,-36,-46,-46,-46,-46,-46,-46,-46,-46,-46,0,-46,-32,-47,-46,-68,0,-39,0,-57,-68,-111,-67,-128,0,-116,-112,-103,-77,-179,-191,-335,-341]} 1. e4 e5 2. Nf3 Nc6 3. Bb5 a6 4. Ba4 Nf6 5. O-O Be7 6. Re1 b5 7. Bb3 d6 8. c3 O-O 9. h3 Na5 10. Bc2 c5 11. d4 Nd7 12. Nbd2 exd4 13. cxd4 Nc6 14. d5 Nce5 15. a4 {C96: Closed Ruy Lopez: Chigorin Defence: 11 d4, replies other than 11...Qc7} (15. Nxe5 Nxe5 16. f4 Ng6 17. Nf3 Bh4 18. Nxh4 Qxh4 19. Rf1 f5 20. e5 dxe5 21. fxe5 Nxe5 22. Bf4 Nc4 {0-1 (52) Steinberg,N (2532)-Jakovenko,D (2735) St Petersburg 2018}) 15... Bb7 16. Nxe5 Nxe5 17. f4 {White has an edge.} Ng6 18. Nf3 Re8 19. f5 Nf8 $1 20. Bf4 Nd7 21. Kh2 $146 ({Predecessor:} 21. Qe2 Qb6 22. Qf2 Bf6 {½-½ (36) Pheby,I (2248)-Kreuzer,M (2627) ICCF email 2010}) 21... Qb6 22. b3 Bf6 23. Ra2 Rac8 24. Qd2 b4 25. Qf2 {[#]} (25. a5 $1 $11 Qc7 26. Re3) 25... a5 $1 $17 26. Qg3 {[#]} ({White should try} 26. Bd3) 26... Ne5 (26... c4 $1 $17 {Threatens to win with ...cxb3.} 27. Bxd6 cxb3 28. Bxb3 Bc3) 27. Bxe5 Bxe5 28. Nxe5 Rxe5 29. f6 {[%csl Gf6][%cal Rg3g7]} g6 30. Bd3 Kh8 31. Rc2 Rce8 32. Bb5 Rg8 33. Bd3 Rge8 34. Bb5 Rg8 {[%cal Be8g8,Bg8g6,Bg6h6][%mdl 32]} 35. Bd3 Bc8 36. Rec1 {Black must now prevent Rxc5!} Qb8 37. Qf3 Bd7 38. Rh1 g5 39. g4 Rg6 40. Rf1 Qd8 41. Rff2 Rh6 42. Kg1 Rg6 43. Kf1 Qe8 44. Ra2 Rh6 45. Rac2 Rg6 46. Ra2 Rh6 47. Rac2 Rh4 48. Rh2 Qd8 49. Rhf2 (49. Rhg2 $15) 49... Qe8 (49... h5 $17 {[%cal Rh5g4]} 50. Rg2 Qc8) 50. Ra2 (50. Rh2 $1 $11 {remains equal.}) 50... h6 51. Rae2 Kh7 52. Re3 (52. Rg2 $17 {was the only chance.}) 52... h5 $19 53. Qe2 (53. Rg2 $142) 53... hxg4 {Accuracy: White = 32%, Black = 66%.} 0-1

[Event "26th Bunratty Masters 2019"]
[Site "Bunratty"]
[Date "2019.02.24"]
[Round "6.5"]
[White "Fitzsimons, David"]
[Black "Astaneh Lopez, Alex"]
[Result "1-0"]
[WhiteElo "2301"]
[BlackElo "2427"]
[Annotator "TA"]
[PlyCount "145"]
[EventDate "2019.02.22"]
[EventType "swiss"]
[EventCountry "IRL"]
[SourceTitle "playchess.com"]
[Source "ChessBase"]
[SourceQuality "1"]

{[%evp 17,145,58,52,44,39,-8,0,0,35,31,31,27,75,65,82,25,24,10,20,20,22,21,22,21,22,12,17,18,64,19,9,0,0,0,0,0,0,0,0,0,0,0,24,-16,-16,-17,-10,-29,-25,-52,-32,-72,-53,-47,-8,-8,-8,-8,-8,-8,-8,-50,-33,-97,-82,-148,-148,-246,-245,-242,-222,-208,-17,-20,280,280,280,280,280,272,272,254,437,421,416,415,418,416,376,361,471,456,677,670,654,566,561,556,644,533,556,536,497,433,644,644,535,370,637,622,618,618,618,618,558,536,605,598,561,538,592,427,678,678,648,648,29977,29979,29968,4566]} 1. e4 c6 2. d4 d5 3. exd5 cxd5 4. Bd3 Nc6 5. c3 g6 6. Nf3 Bg7 7. O-O Nf6 8. Bf4 Bf5 {B13: Caro-Kann: Exchange Variation and Panov-Botvinnik Attack} (8... O-O 9. Ne5 Bf5 10. Bxf5 gxf5 11. Nd2 e6 12. Nd3 Kh8 13. h3 Rg8 14. Kh1 Ne4 15. f3 Nxd2 16. Qxd2 Ne7 17. g4 Ng6 18. gxf5 Nxf4 19. Qxf4 {½-½ (34) Kovalev,V (2636)-Popov,I (2609) Sochi 2017}) 9. Bxf5 gxf5 {LiveBook: 6 Games} 10. Qb3 Qd7 {White is slightly better.} 11. Be5 $146 ({Predecessor:} 11. Ne5 Nxe5 12. Bxe5 O-O 13. Nd2 Ne4 14. Nxe4 fxe4 15. Bxg7 Kxg7 16. Rae1 {1-0 (66) Cobo Garrido,D (2070)-Ramiro Ovejero,J (2386) Aragon 2017}) 11... e6 12. Nbd2 O-O 13. Bxf6 Bxf6 14. Ne1 b5 15. Qxb5 Rfb8 16. Qd3 (16. Qe2 $1 $16) 16... Rxb2 $11 17. Nb3 {Hoping for Qd1.} Qc7 18. Qd1 {Black must now prevent Nd3.} Na5 $1 {[%cal Ra5b3] aiming for ...Nxb3.} 19. Nd3 {Threatens to win with Nxa5.} Nxb3 20. axb3 Qxc3 21. Nxb2 Qxb2 22. Ra4 Rc8 23. Qa1 Rc2 24. Qxb2 Rxb2 {[%mdl 4096] Endgame KRR-KRB} 25. Rd1 Rxb3 26. Kf1 h5 27. Ke2 Kg7 28. Rd3 Rb2+ 29. Kf3 a5 30. g3 Bd8 31. Ke3 Kg6 32. Kf3 Bb6 33. Kg2 Kg5 34. h4+ Kg6 35. Rda3 {[#]} f4 $1 {[%mdl 512]} 36. gxf4 Kf5 37. Kf3 Bd8 38. Kg3 Be7 39. Rd3 Bb4 40. Kf3 (40. Ra1 $15) 40... Be1 41. Ra1 ({White should play} 41. Rd1 Rb3+ 42. Kg2) 41... Bxf2 $17 42. Rxa5 (42. Rad1 $17) 42... Bxh4 $19 43. Ra7 f6 44. Rh7 Kg6 $2 ({Black should try} 44... Rf2+ $1 $19 45. Ke3 Rh2) 45. Rh8 $11 Bf2 $2 {[%mdl 8192] [#]} (45... Rh2 $11) 46. Rg8+ $1 $18 Kf5 47. Rg2 Bxd4 48. Rxd4 Rb3+ {[#]} 49. Kf2 $1 h4 $2 (49... Rb8 50. Rh2 Rb2+ 51. Kg1 Rb1+ 52. Kf2 Rb2+ 53. Kg3 Rb3+ 54. Kh4 Rf3) 50. Rg7 Rb2+ 51. Kf3 Rb3+ 52. Kg2 h3+ 53. Kh2 Rf3 54. Rh7 Kg4 (54... Rb3 $142 55. Rxh3 Rb2+ 56. Kg3 Rb3+ 57. Kg2 Rb2+ 58. Kf1 Ra2) 55. f5+ Kxf5 56. Rxh3 Rf2+ 57. Kg3 Ra2 58. Rh5+ Kg6 59. Rh1 Ra3+ 60. Kg4 Re3 (60... Ra5 $142 61. Rhd1 Rb5) 61. Rg1 {White wants to mate with Kf4+.} Ra3 62. Re1 f5+ $2 (62... Ra6 63. Rf1 Ra8) 63. Kh4 Kf6 64. Rb4 Ra6 65. Rb5 Rd6 66. Reb1 Ra6 67. Kg3 Rc6 68. R1b3 Ke5 69. Kf3 Kf6 (69... f4 $142 70. Rb8 Rc1) 70. Rb6 Rc8 71. Re3 Re8 72. Kf4 d4 73. Re5 {Precision: White = 61%, Black = 45%.} (73. Rh3 $142 Kg6 74. Ke5 Kg5 75. Rg3+ Kh4 76. Rbb3 d3 77. Rbxd3 f4 78. Rg7) 1-0

[Event "26th Bunratty Masters 2019"]
[Site "Bunratty"]
[Date "2019.02.24"]
[Round "6.6"]
[White "Bates, Richard A"]
[Black "Lalic, Bogdan"]
[Result "0-1"]
[WhiteElo "2351"]
[BlackElo "2406"]
[Annotator "NA RC"]
[PlyCount "52"]
[EventDate "2019.02.22"]
[EventType "swiss"]
[EventCountry "IRL"]
[SourceTitle "playchess.com"]
[Source "ChessBase"]
[SourceQuality "1"]
[TimeControl "40/5400+30:900+30"]

1. d4 {[%emt 0:05:24]} Nf6 {[%emt 0:07:15]} 2. Nf3 {[%emt 0:00:55]} g6 {[%emt 0:00:23]} 3. c4 {[%emt 0:02:14]} Bg7 {[%emt 0:00:30]} 4. g3 {[%emt 0:00:27]} c5 {[%emt 0:00:26]} 5. Bg2 {[%emt 0:02:45]} Qa5+ {[%emt 0:03:30]} 6. Nc3 {[%emt 0:10:39]} Ne4 {[%emt 0:00:36]} 7. Qd3 {[%emt 0:02:10]} cxd4 {[%emt 0:00:52]} 8. Nxd4 {[%emt 0:00:43]} Nc5 {[%emt 0:00:31]} 9. Qe3 {[%emt 0:05:57]} Nc6 {[%emt 0:01:06]} 10. Nxc6 {[%emt 0:01:45]} dxc6 {[%emt 0:00:26]} 11. O-O {[%emt 0:09:18]} Qb4 {[%emt 0:12:50]} 12. Bd2 {[%emt 0:13:52]} Qxc4 {[%emt 0:00:50]} 13. Rac1 {[%emt 0:07:57]} Ne6 {[%emt 0:05:51]} 14. Nb1 {[%emt 0:12:11]} Qxa2 {[%emt 0:04:18]} 15. Bc3 {[%emt 0:08:44]} O-O {[%emt 0:06:21]} 16. Nd2 {[%emt 0:00:29]} Bxc3 {[%emt 0:01:33]} 17. Qxc3 {[%emt 0:00:50]} Nc7 {[%emt 0:06:08]} 18. Qe5 {[%emt 0:03:50]} Nb5 {[%emt 0:02:28]} 19. Qxe7 {[%emt 0:03:01]} Qxb2 {[%emt 0:05:41]} 20. Ne4 {[%emt 0:00:45]} f5 {[%emt 0:00:50]} 21. Ng5 {[%emt 0:03:47]} Qg7 {[%emt 0:00:23]} 22. Qb4 {[%emt 0:01:12]} h6 {[%emt 0:01:03]} 23. Nf3 {[%emt 0:01:06]} Be6 {[%emt 0:00:48]} 24. Rc5 {[%emt 0:00:48]} Rad8 {[%emt 0:00:56]} 25. Re5 {[%emt 0:00:17]} Rfe8 {[%emt 0:02:01]} 26. Qh4 {[%emt 0:01:31]} Bd5 {[%emt 0:01:30]} 0-1